The epistle to the Ephesians: (Record no. 5849)

000 -LEADER
fixed length control field 00718nam a2200193 a 4500
001 - CONTROL NUMBER
control field :::00003591$&:&@@
003 - CONTROL NUMBER IDENTIFIER
control field OkBaRHE
005 - DATE AND TIME OF LATEST TRANSACTION
control field 20000607103308.0
008 - FIXED-LENGTH DATA ELEMENTS--GENERAL INFORMATION
fixed length control field s1931 j 000 0 eng u
040 ## - CATALOGING SOURCE
Transcribing agency
100 1# - MAIN ENTRY--PERSONAL NAME
Personal name Wright, Andrew Emerson.
245 14 - TITLE STATEMENT
Title The epistle to the Ephesians:
Remainder of title for laymen.
260 ## - PUBLICATION, DISTRIBUTION, ETC. (IMPRINT)
Place of publication, distribution, etc Berrien Springs, MI., :
Name of publisher, distributor, etc Andrew Emerson Wright
Date of publication, distribution, etc c1931
300 ## - PHYSICAL DESCRIPTION
Extent 147 p. ;
Dimensions 20 cm.
650 ## - SUBJECT ADDED ENTRY--TOPICAL TERM
Topical term or geographic name as entry element Bible New Testament Ephesians
General subdivision Criticism, Interpretation, etc.
942 ## - ADDED ENTRY ELEMENTS (KOHA)
Source of classification or shelving scheme
Koha item type Books
Copies
Full call number Shelving location Date checked out Damaged status Not for loan Copy number Current Location Total Checkouts Source of classification or shelving scheme Lost status Koha item type Withdrawn status Permanent Location Date last seen Date acquired Barcode Total Renewals Price effective from
BS 2695 .W688General Stacks   1    Books RHEMA Bible Training College2018-04-032010-04-143591 2010-04-14
BS 2695 .W688General Stacks2012-03-15  2RHEMA Bible Training College1  Books RHEMA Bible Training College2018-04-032010-04-141567912010-04-14